The geographical and geological distribution of animals /

Bibliographic Details
Main Author: Heilprin, Angelo, 1853-1907
Format: Book
Language:English
Published: London : Kegan Paul, Trench, 1887.
Subjects:

MARC

Tag First Indicator Second Indicator Subfields
LEADER 00000cam a2200000 4500
001 in00000051506
005 20151007072001.0
008 800604s1887 enkb 00000 eng d
035 |a (OCoLC)06388294 
035 |9 AAE7011AM 
040 |a TXA  |c TXA  |d UtOrBLW 
049 |a TXAM 
090 |a QL101  |b .H46 1887 
092 |a 591.9  |b H466g 
100 1 |a Heilprin, Angelo,  |d 1853-1907. 
245 1 4 |a The geographical and geological distribution of animals /  |c by Angelo Heilprin. 
264 1 |a London :  |b Kegan Paul, Trench,  |c 1887. 
300 |a xii, 435 pages :  |b map ;  |c 19 cm. 
336 |a text  |b txt  |2 rdacontent 
337 |a unmediated  |b n  |2 rdamedia 
338 |a volume  |b nc  |2 rdacarrier 
504 |a Includes bibliographical references and index. 
650 0 |a Zoogeography. 
650 0 |a Paleontology. 
999 |a MARS 
999 f f |s 71ce9ecb-07bf-3bac-8426-038d80055d90  |i 0674b739-5b77-33b4-a20c-d69307c838df  |t 0 
952 f f |p ric  |a Texas A&M University  |b Rellis Campus  |c Joint Library Facility  |d Remote Storage  |t 0  |e QL101 .H46 1887  |h Library of Congress classification  |i unmediated -- volume  |m A14801008943 
998 f f |a QL101 .H46 1887  |t 0  |l Remote Storage